Song to Artist 2011 - Statistics

General Stats
  • This quiz has been taken 14 times
  • The average score is 10 of 20
Answer Stats
Song Artist % Correct
Someone Like You Adele
92%
Sexy and I Know It LMFAO
92%
Run The World (Girls) Beyonce
85%
Price Tag Jessie J
85%
Give Me Everything Pitbull ft Ne-Yo
77%
We Found Love Rihanna
77%
The Edge of Glory Lady Gaga
69%
Video Games Lana Del Rey
54%
What The Hell Avril Lavigne
46%
Look at Me Now Chris Brown ft. Busta Rhymes, Lil Wayne
46%
Every Teardrop Is a Waterfall Coldplay
46%
Where Them Girls At David Guetta
46%
Stereo Hearts Gym Class Heroes
46%
I Need a Doctor Dr Dre
38%
Mr. Know It All Kelly Clarkson
38%
Lonely Boy The Black Keys
31%
Walk Foo Fighters
15%
The Adventure Of Rain Dance Maggie Red Hot Chili Peppers
15%
Up All Night Blink-182
8%
Midnight City M83
8%
No matching quizzes found
Score Distribution
Percent of People with Each Score
Percentile by Number Answered
Your Score History
You have not taken this quiz